000 01099nam a2200229 4500
003 CO-ViMGA
020 _a9789582013073
040 _aCO-ViMGA
_bspa
_cCO-ViMGA
082 0 4 _a546.8
_bY67f
100 1 _aYorifuji, Bunpei
_d1973-
_913372
245 1 0 _aEl fantástico mundo de los elementos
_b la tabla periódica como nunca lo imaginaste
_cBunpei Yorifuji ; traducción Federico Frau Barrios
260 _aBogotá
_b Cooperativa Editorial Magisterio
300 _a207 páginas
_bilustraciones en color ; 21 cm
490 _a Plan Nacional de Lectura y Escritura Leer es mi Cuento / Ministerio de Cultura
500 _a Incluye índice \ Recomendado para un público mayor de 12 años \ Incluye datos biográficos del autor en la contracarátula
650 1 4 _aElementos Quimicos - Clasificacion - Libros Ilustrados Infantiles
_913373
650 1 4 _aLibros Ilustrados Infantiles
_92065
650 1 4 _aQuimica - Enseñanza Elemental - Libros Ilustrados Infantiles
_913374
650 1 4 _aTabla Periodica (Quimica) - Enseñanza Elemental
_913375
700 1 _aFrau Barrios, Federico
_913376
942 _2ddc
_cBK
999 _c8556
_d8556